000 00730cam a2200253 4500
008 090401t1994 xxu||||| |||| 00| 0 eng d
020 _a0903138670
035 _a(Sirsi) u35072
041 _aeng
050 _a639.9
100 _aAndrews, John
245 _aFarming & wildlife: a practical handbook for the management, restoration and creation of wildlife habitats on farmland.
260 _aSandy, Beds.
_bRSPB
_c1994
300 _ax,358p. : ill. ; 30cm.
350 _a21.95
650 _aBIRDS
650 _aCONSERVATION
650 _aWILDLIFE HABITATS
690 _aCONSERVATION
700 _aRebane, Michael
710 _aRoyal Society for the Protection of Birds
_9870
942 _n0
948 _c04/03/1997
999 _c90035
_d90035